Selections from Jnanannesan (Record no. 379999)

000 -LEADER
fixed length control field 00329cam a22001217a 4500
008 - FIXED-LENGTH DATA ELEMENTS--GENERAL INFORMATION
fixed length control field 180718b1979 xxu||||| |||| 00| 0 eng d
082 ## - DEWEY DECIMAL CLASSIFICATION NUMBER
Classification number AB M729s
100 ## - MAIN ENTRY--PERSONAL NAME
Personal name Moitra, Suresh Chandra
245 ## - TITLE STATEMENT
Title Selections from Jnanannesan
Statement of responsibility, etc. by Suresh Chandra Moitra
260 ## - PUBLICATION, DISTRIBUTION, ETC.
Place of publication, distribution, etc. Calcutta
Name of publisher, distributor, etc. Prajna
Date of publication, distribution, etc. 1979
300 ## - PHYSICAL DESCRIPTION
Extent 121p.
650 ## - SUBJECT ADDED ENTRY--TOPICAL TERM
Topical term or geographic name entry element Religion
Holdings
Withdrawn status Lost status Damaged status Not for loan Permanent Location Current Location Date acquired Full call number Barcode Date last seen Price effective from Koha item type
        Indian Institute of Public Administration Indian Institute of Public Administration 1996-07-12 AB M729s 69703 2018-07-21 2018-07-21 Book

Powered by Koha